| 000 | 01075cam a2200277 i 4500 | ||
|---|---|---|---|
| 001 | 6378 | ||
| 003 | BD-RjUL | ||
| 005 | 20211208234231.0 | ||
| 008 | 110114s1978 miu s10010 engm | ||
| 035 | _a(BD-RjUL) | ||
| 040 |
_aDLC _cDLC _dm.c. _dMBU _beng |
||
| 041 | _aeng | ||
| 082 |
_a362.6 _bNOL 1978 |
||
| 090 |
_aHQ1064.U5 _bC593 1973a |
||
| 111 | 2 | 0 |
_aConference on Aging _n(26th : _d1973 : _cUniversity of Michigan) _920093 |
| 245 | 1 | 0 |
_aNo longer young : _bwork group reports from the 26th Annual Conference on Aging / _cwith an introd. by Natalie P. Trager. |
| 260 |
_a[Ann Arbor,] : _bInstitute of Gerontology, University of Michigan-Wayne State University, _cc1974 [Printed 1978] |
||
| 300 |
_axvi, 120 p. ; _c25 cm. |
||
| 650 | 0 |
_aOlder people _zUnited States _xCongresses. _920094 |
|
| 650 | 0 |
_aWomen _zUnited States _xCongresses. _920095 |
|
| 650 | 2 |
_aWomen _xin middle age _xcongresses. _920096 |
|
| 650 | 2 |
_aWomen _xin old age _xcongresses. _920097 |
|
| 710 | 2 | 0 |
_aUniversity of Michigan. _bInstitute of Gerontology. _920098 |
| 942 |
_2ddc _cBK |
||
| 999 |
_c6378 _d6378 |
||